[Event "NOR-ch 2018"]
[Site "Moss"]
[Date "2018.07.13"]
[Round "8"]
[White "Wadstensvik, Petter Andreas"]
[Black "Vitenberg, Noam Aviv"]
[Result "0-1"]
[WhiteElo "1913"]
[BlackElo "2220"]
[Annotator "NA"]
[PlyCount "118"]
[EventDate "2018.07.06"]
[EventCountry "NOR"]
[SourceTitle "playchess.com"]
[Source "ChessBase"]
[SourceQuality "1"]

1. d4 Nf6 2. Nf3 d5 3. e3 Bf5 4. b3 e6 5. Bb2 Bd6 6. Nbd2 {D04: Colle System} (6. Bd3 Nbd7 7. Qe2 O-O 8. Nbd2 Qe7 9. O-O Ne4 10. Ne5 Nxd2 11. Qxd2 Bxd3 12. Qxd3 Nf6 13. Rfd1 c6 {0-1 (37) Kastelic,M (2255)-Buhmann,R (2584) Katowice 2017}) 6... Nc6 7. a3 O-O 8. c4 Re8 9. Be2 e5 10. dxe5 $146 ({Predecessor:} 10. cxd5 Nxd5 11. e4 Nf4 12. exf5 exd4 13. O-O Nxe2+ {1-0 (26) Rikumahu,F-De Jong,L Netherlands 2003}) 10... Nxe5 11. O-O dxc4 12. Nxc4 Nxc4 13. Bxc4 Qe7 14. h3 Rad8 15. Qe2 c6 16. Nd4 Be4 17. Rfd1 Nd5 18. Qg4 Be5 19. Bd3 Nf6 20. Qe2 Bd5 21. Bc4 Qc7 22. Bxd5 Nxd5 23. Rac1 Qb6 24. b4 Bf4 25. Qg4 Be5 26. Rc5 Nf6 27. Qe2 a5 28. Qc4 axb4 29. Qxb4 Qc7 30. Qb3 Ne4 31. Rc2 Qe7 32. Re2 Qf6 33. Rf1 Nc5 34. Qc2 Qe7 35. Nf5 Qf8 36. Bxe5 Rxe5 37. Nd4 Ne4 38. Qb2 Qe7 39. Rb1 Nc5 40. Nf3 Red5 41. Nd4 Qe5 42. Qb6 Ne4 43. Rc2 c5 44. f4 Qe8 45. Nf3 R8d7 46. Ne5 Re7 47. Qb5 Qxb5 48. Rxb5 h5 49. Rc4 $2 (49. g4 $11) 49... Nd6 50. Rcxc5 Rd1+ 51. Kh2 Nxb5 52. Rxb5 Rc1 53. Rb3 Rc2 54. Kg3 Rec7 55. Rd3 R2c3 56. Rd8+ Kh7 57. Kh4 g6 $19 ({Auf keinen Fall} 57... Rxa3 58. Kxh5 Rxe3 59. Kg4) 58. Kg5 Rxa3 59. Nd7 Ra5+ 0-1

[Event "NOR-ch 2018"]
[Site "Moss"]
[Date "2018.07.13"]
[Round "8"]
[White "Sidali, Elias Hulleberg"]
[Black "Fuglestein, Sander"]
[Result "1-0"]
[WhiteElo "1895"]
[BlackElo "1834"]
[Annotator "NA"]
[PlyCount "51"]
[EventDate "2018.07.06"]
[EventCountry "NOR"]
[SourceTitle "playchess.com"]
[Source "ChessBase"]
[SourceQuality "1"]

1. e4 c6 2. d4 d5 3. Nc3 dxe4 4. Nxe4 Nf6 5. Nxf6+ exf6 6. Bc4 Bd6 7. Qe2+ Be7 8. Nf3 O-O 9. O-O Bg4 10. c3 Bd6 11. h3 Re8 12. Qd1 Bh5 13. g4 Bg6 14. Nh4 Qc7 15. Nxg6 hxg6 16. Qd3 Kh8 17. Bd2 b5 18. Bb3 a5 19. Rae1 Na6 20. h4 Qd7 21. Qf3 Nc7 22. g5 f5 23. h5 Rxe1 24. Rxe1 Nd5 25. hxg6 fxg6 26. Qh1+ 1-0

[Event "NOR-ch 2018"]
[Site "Moss"]
[Date "2018.07.14"]
[Round "9"]
[White "Hammer, Jon Ludvig"]
[Black "Ostenstad, Berge"]
[Result "1-0"]
[WhiteElo "2631"]
[BlackElo "2447"]
[Annotator "RC"]
[PlyCount "53"]
[EventDate "2018.07.06"]
[EventCountry "NOR"]
[SourceTitle "playchess.com"]
[Source "ChessBase"]
[SourceQuality "1"]

1. d4 Nf6 2. c4 e6 3. Nc3 Bb4 4. e3 O-O 5. Bd3 d5 6. cxd5 exd5 7. Nf3 c6 8. O-O Nbd7 9. Qc2 Re8 10. Bd2 Nb6 11. Ne5 Bd6 12. f4 Qe7 13. Be1 c5 14. Bh4 h6 15. Nb5 c4 16. Bh7+ Kf8 17. Bg6 Be6 18. f5 Bd7 19. Nxd6 Qxd6 20. Nxf7 Qe7 21. Ne5 Rec8 22. Bf7 Qd6 23. Bg3 Qb4 24. Be1 Qd6 25. Ba5 g5 26. fxg6 Kg7 27. a3 1-0

[Event "NOR-ch 2018"]
[Site "Moss"]
[Date "2018.07.14"]
[Round "9"]
[White "Urkedal, Frode Olav Olsen"]
[Black "Tari, Aryan"]
[Result "1/2-1/2"]
[WhiteElo "2552"]
[BlackElo "2615"]
[Annotator "TA"]
[PlyCount "87"]
[EventDate "2018.07.06"]
[EventCountry "NOR"]
[SourceTitle "playchess.com"]
[Source "ChessBase"]
[SourceQuality "1"]

{[%evp 13,87,5,9,18,27,29,29,31,37,36,31,30,22,31,28,29,32,27,35,28,33,12,30,16,11,8,52,40,54,56,53,24,60,62,65,55,54,38,52,29,58,18,54,51,59,22,66,29,16,0,0,0,0,0,0,0,0,0,0,0,0,0,0,0,0,0,0,0,0,0,0,0,0,0,0,0]} 1. Nf3 Nf6 {[%cal Bg8f6,Bf6d5,Bd5b4][%mdl 32]} 2. c4 c5 3. Nc3 d5 4. cxd5 Nxd5 5. e4 Nb4 6. d3 {A34: Symmetrical English: 2 Nc3, lines with ...d5} (6. Bc4 Nd3+ 7. Ke2 Nf4+ 8. Kf1 Ne6 9. h4 Nd4 10. d3 e6 11. Bf4 a6 12. Nxd4 cxd4 13. Ne2 Nc6 14. a3 Bd6 15. Bxd6 Qxd6 {0-1 (34) Svidler,P (2751)-Vachier Lagrave,M (2804) Tbilisi 2017}) 6... N8c6 7. a3 Na6 {LiveBook: 6 Games} 8. Bf4 e6 9. Be2 $146 ({Predecessor:} 9. Qa4 Be7 10. Rd1 O-O 11. d4 Nxd4 12. Nxd4 cxd4 13. Qxd4 {½-½ (74) Schroll,G (2435)-Topakian,R (2376) Austria 1999}) 9... Bd6 10. Bxd6 Qxd6 11. Nb5 Qd8 12. d4 cxd4 13. Nbxd4 Nxd4 14. Qxd4 Qxd4 15. Nxd4 e5 16. Nb5 Ke7 17. Rc1 Bd7 18. Kd2 Bxb5 19. Bxb5 Rhd8+ 20. Ke3 Rac8 21. Bxa6 bxa6 $14 {[%mdl 4096] Endgame KRR-KRR} 22. Rhd1 f6 23. Rxd8 Rxc1 {KR-KR} 24. Rg8 Kf7 25. Ra8 Rc7 26. Kd3 Ke6 27. Rd8 Rc1 {[#] And now ...Rd1+ would win.} 28. Rg8 Rc7 29. h4 g6 30. g4 Rd7+ 31. Ke3 {The position is equal.} Rb7 32. b4 a5 $1 33. Rh8 (33. Re8+ {is interesting.} Kf7 34. Rh8 Kg7 35. Ra8 axb4 36. axb4 Kh6 37. f3) 33... axb4 34. axb4 h5 35. gxh5 gxh5 36. Rxh5 Rxb4 37. Rh7 a5 38. Kf3 f5 39. Rh6+ Kf7 40. exf5 Rf4+ 41. Ke3 Rxf5 42. Ra6 e4 43. Kxe4 Rxf2 44. Rxa5 {Precision: White = 61%, Black = 67%.} 1/2-1/2

[Event "NOR-ch 2018"]
[Site "Moss"]
[Date "2018.07.14"]
[Round "9"]
[White "Christiansen, Johan-Sebastian"]
[Black "Agdestein, Simen"]
[Result "1/2-1/2"]
[WhiteElo "2506"]
[BlackElo "2581"]
[Annotator "TA"]
[PlyCount "33"]
[EventDate "2018.07.06"]
[EventCountry "NOR"]
[SourceTitle "playchess.com"]
[Source "ChessBase"]
[SourceQuality "1"]

{[%evp 18,19,49,34]} 1. e4 e5 2. Nf3 Nf6 3. Nxe5 d6 4. Nf3 Nxe4 5. d4 Be7 6. Bd3 Nf6 7. O-O Bg4 8. Re1 O-O 9. Nbd2 c5 {C42: Petroff Defence: 3 Nxe5 and unusual White 3rd moves} 10. h3 {LiveBook: 5 Games} {Predecessor:} Bh5 $146 11. Nf1 Nc6 12. Ng3 Bxf3 13. Qxf3 Nxd4 14. Qxb7 c4 15. c3 cxd3 16. cxd4 Qa5 17. Rxe7 {1-0 (41) Degraeve,J (2566)-Shirazi,K (2423) Cappelle-la-Grande 2004} 1/2-1/2

[Event "NOR-ch 2018"]
[Site "Moss"]
[Date "2018.07.14"]
[Round "9"]
[White "Notkevich, Benjamin Arvola"]
[Black "Haug, Johannes"]
[Result "1-0"]
[WhiteElo "2471"]
[BlackElo "2403"]
[Annotator "TA"]
[PlyCount "111"]
[EventDate "2018.07.06"]
[EventCountry "NOR"]
[SourceTitle "playchess.com"]
[Source "ChessBase"]
[SourceQuality "1"]

{[%evp 21,111,-1,0,-53,-39,-115,-118,-119,-116,-113,-108,-122,-123,-173,-172,-197,-202,-183,-189,-232,-229,-248,-261,-242,-245,-321,-319,-323,-263,-305,-298,-324,-325,-342,-337,-348,-319,-339,-277,-309,-305,-340,-164,-406,-393,-420,-162,-170,-137,-156,-42,-39,29988,458,385,370,687,668,592,592,709,542,542,542,810,406,406,406,602,588,553,510,679,679,880,868,865,858,771,690,1668,1072,5085,5069,1207,995,844,834,750,719,29987,29985]} 1. d4 Nf6 2. c4 e6 3. Nf3 Bb4+ 4. Nc3 O-O 5. e3 b6 6. Bd3 c5 7. O-O Bb7 8. a3 Bxc3 9. bxc3 Be4 10. Be2 {E43: Nimzo-Indian: Rubinstein: 4...b6} Nc6 11. Nd2 Bg6 {LiveBook: 12 Games} 12. f4 (12. Nb3 $11) 12... Ne4 13. Bb2 (13. Nxe4 $15 Bxe4 14. dxc5) 13... Nxd2 $17 14. Qxd2 Na5 $1 15. Qd1 Be4 16. Bc1 Rc8 17. d5 Qf6 18. Rf2 $146 exd5 (18... Qxc3 19. Bd2 $17) 19. cxd5 c4 20. Bf3 Bxf3 (20... Qxc3 21. Bd2) 21. Qxf3 Nb3 (21... Qxc3 22. Bb2) 22. Rb1 Qxc3 23. Bb2 Qa5 24. Qd1 Qc5 25. Rf3 Rce8 26. Rg3 f6 (26... g6 27. Qe1 $17) 27. Kh1 Rf7 (27... Rxe3 $2 28. Bd4 $1 $17 {[%mdl 512]}) 28. Bc3 b5 29. Qh5 Qb6 (29... Rxe3 $2 30. Bb4 $18) (29... Qxa3 30. Bxf6 Rc8 31. Be5 $17) 30. d6 Re6 (30... Rxe3 31. Rxe3 Qxe3 32. Re1 $19) 31. Re1 a5 ({Less strong is} 31... Qxd6 32. Rh3 $17) (31... Rxd6 $142 32. e4 Qc6) 32. f5 $2 (32. e4 Qc6 33. e5) 32... Rxd6 $19 33. e4 Rd3 $2 (33... Nc5 34. e5 Nd3 $1 {[%mdl 512]}) 34. e5 {White threatens exf6 and mate.} Rxg3 35. hxg3 {And now exf6 would win.} fxe5 ({Black should try} 35... Re7 $17 {Hoping for ...fxe5.} 36. Rd1 Nc5 37. exf6 gxf6 38. Qg4+ Rg7) 36. Rxe5 $15 b4 $2 {[%mdl 8192]} (36... Qh6 $15 37. Qxh6 gxh6) 37. f6 (37. Re8+ $142 Rf8 {[#]} 38. f6 $1 {[%mdl 512]} Qe6 39. Rxe6 dxe6 40. Qg4 Rf7 41. Qxe6 h6 42. Qe8+ Rf8 43. f7+ Kh7 44. Qxf8) 37... Qb8 $18 38. Qe2 {Intending Re8+ and mate.} gxf6 $2 (38... Qf8 39. fxg7 Rxg7 40. Qxc4+ d5 41. Qxd5+ Kh8 42. Rf5 Qg8 43. Bxg7+ Qxg7 44. Qd8+ Qg8 45. Rf8 h5 46. Rxg8+ Kh7 47. Qg5 bxa3 48. Qg7#) (38... Kf8 39. fxg7+ Rxg7) 39. Re8+ Qxe8 40. Qxe8+ Rf8 41. Qe4 bxc3 42. Qxc4+ {[%mdl 4096] Endgame KQ-KRN} Kh8 43. Qxc3 a4 44. Qb4 {[%cal Rb4f8]} Ra8 (44... Rc8 $142 45. Qxa4 Nc5) 45. Qe7 Kg8 46. Qxf6 Ra7 47. Kh2 Ra5 48. Qd8+ Kg7 49. Qxd7+ Kg6 50. g4 h5 51. Qd6+ Kg5 52. gxh5 Kxh5 53. Kh3 Kg5 54. g4 Rc5 55. Qe7+ Kh6 56. Kh4 {Precision: White = 46%, Black = 45%.} 1-0

[Event "NOR-ch 2018"]
[Site "Moss"]
[Date "2018.07.14"]
[Round "9"]
[White "Djurhuus, Rune"]
[Black "Holm, Kristian Stuvik"]
[Result "1/2-1/2"]
[WhiteElo "2438"]
[BlackElo "2453"]
[Annotator "RC"]
[PlyCount "54"]
[EventDate "2018.07.06"]
[EventCountry "NOR"]
[SourceTitle "playchess.com"]
[Source "ChessBase"]
[SourceQuality "1"]

1. e4 c5 2. Nf3 g6 3. d4 cxd4 4. Qxd4 Nf6 5. Nc3 Nc6 6. Qa4 d6 7. e5 dxe5 8. Nxe5 Bg7 9. Bb5 O-O 10. Nxc6 bxc6 11. Bxc6 Bd7 12. O-O Rc8 13. Bxd7 Qxd7 14. Qxd7 Nxd7 15. Rd1 Nb6 16. Nb5 Rxc2 17. Nxa7 Ra8 18. Nb5 Bxb2 19. Bxb2 Rxb2 20. Nc3 Ra3 21. Rdc1 Na4 22. Nd5 e6 23. Nf6+ Kg7 24. Ne8+ Kf8 25. Nf6 Kg7 26. Ne8+ Kf8 27. Nf6 Kg7 1/2-1/2

[Event "NOR-ch 2018"]
[Site "Moss"]
[Date "2018.07.14"]
[Round "9"]
[White "Hauge, Lars Oskar"]
[Black "Haldorsen, Benjamin"]
[Result "0-1"]
[WhiteElo "2434"]
[BlackElo "2423"]
[Annotator "TA"]
[PlyCount "120"]
[EventDate "2018.07.06"]
[EventCountry "NOR"]
[SourceTitle "playchess.com"]
[Source "ChessBase"]
[SourceQuality "1"]

{[%evp 19,120,77,66,36,39,51,45,35,47,40,35,29,33,29,33,43,43,16,16,20,26,22,36,27,55,50,58,39,41,32,34,32,68,36,39,36,44,35,40,40,55,41,46,41,34,23,100,99,93,96,138,146,134,139,154,135,164,133,139,144,175,172,172,158,379,361,426,410,401,216,223,0,383,155,326,145,187,168,105,47,47,47,47,47,47,47,47,0,0,0,0,-29969,-29971,-29971,-29967,-29978,-29979,-29979,-29980,-29980,-29980,-29985,-29986]} 1. e4 c5 2. Nf3 e6 3. c3 Nf6 4. e5 Nd5 5. Bc4 Nb6 6. Bb3 d6 7. d4 cxd4 8. cxd4 Bd7 {B22: Sizilianisch (Alapin 2.c3)} (8... dxe5 9. Nxe5 Nc6 10. Qf3 Bb4+ 11. Nc3 O-O 12. Nxc6 bxc6 13. O-O Qxd4 14. Rd1 Qh4 15. Ne4 e5 16. Bg5 Qg4 17. a3 Qxf3 18. gxf3 {0-1 (32) Mamedov,R (2709)-Harikrishna,P (2744) Huaian 2017}) 9. O-O Bc6 10. Nc3 Be7 {LiveBook: 9 Partien. Weiß steht besser.} 11. Re1 O-O 12. d5 $146 ({Vorgänger:} 12. Qd3 Bxf3 13. Qxf3 Nc6 14. Rd1 dxe5 15. dxe5 Nxe5 16. Qxb7 {0-1 (95) Zojer,S (2043)-Kunin,V (2563) Austria 2010}) 12... Nxd5 13. Nxd5 Bxd5 14. Bxd5 exd5 15. e6 Nc6 16. Qxd5 Qa5 17. Qxa5 Nxa5 18. Bd2 Nc6 19. Bc3 Rfd8 20. Rad1 fxe6 21. Rxe6 Rd7 22. Rd5 Rad8 23. g3 Bf8 24. h4 Ne7 25. Rd3 d5 26. Nd4 a6 27. Kg2 $36 {[%mdl 2048] Schwarz steht unter Druck.} Rc8 28. Nf3 Nc6 29. Ne5 Rdd8 30. f4 Bc5 31. Nxc6 bxc6 32. Kf3 (32. b4 {is more complex.} Kf7 33. f5 Bf8 34. Kf3 Rd6 35. Rde3) 32... Re8 (32... Kf7 $11 {hält das Gleichgewicht.} 33. Re5 Rb8) 33. Rxe8+ $16 Rxe8 {[%mdl 4096] Endspiel KTL-KTL} 34. Be5 $1 {zielt auf Tc3 ab.} Bf8 {[#]} 35. Rb3 $1 c5 36. Rb6 Ra8 37. Rb7 a5 38. Rd7 d4 39. g4 a4 40. Ke4 a3 41. b3 h6 $2 (41... Re8 $16 {war nötig.} 42. h5 g6) 42. g5 $18 hxg5 43. hxg5 Re8 44. Kf5 (44. g6 $142 Rc8 45. Kd5) 44... Kh7 45. Ke4 $2 (45. Kg4) 45... Kg8 $1 46. Kd5 (46. g6 $18 Ra8 47. f5) 46... Be7 $2 {[#]} (46... g6 $16 47. Kc4 Be7) 47. Kc4 (47. g6 $1 $18 {und der Rest ist Schweigen.}) 47... g6 48. Kd5 Kf8 (48... Kf7 $18 49. Bc7 d3) 49. Bc7 (49. Ke4 $16) 49... Rc8 $14 50. Bd6 Bxd6 51. Rxd6 {KT-KT} Ke7 $1 52. Re6+ Kf7 {Droht ...Td8+ und aus.} 53. Rf6+ Ke7 $1 {...Td8+ ist eine echte Drohung.} 54. Kc4 Rd8 {Und weiter mit ...d3 wäre nett.} 55. Kd3 $2 {[%mdl 8192]} ({Aber nicht} 55. Rxg6 $2 d3 $19) (55. f5 $11) 55... Rd6 {Schwarz setzt Matt.} 56. Rxd6 Kxd6 57. Kc4 Ke6 58. b4 cxb4 59. Kxb4 Kf5 60. Kxa3 Kxf4 {Precision: Weiß = 56%, Schwarz = 59%.} 0-1

[Event "NOR-ch 2018"]
[Site "Moss"]
[Date "2018.07.14"]
[Round "9"]
[White "Vestby-Ellingsen, Mads"]
[Black "Elsness, Frode"]
[Result "1/2-1/2"]
[WhiteElo "2429"]
[BlackElo "2468"]
[Annotator "RC"]
[PlyCount "85"]
[EventDate "2018.07.06"]
[EventCountry "NOR"]
[SourceTitle "playchess.com"]
[Source "ChessBase"]
[SourceQuality "1"]

1. d4 Nf6 2. c4 e6 3. Nf3 d5 4. Nc3 Bb4 5. cxd5 exd5 6. Bf4 O-O 7. Rc1 c6 8. e3 Bf5 9. Qb3 Qb6 10. Nd2 Nbd7 11. Be2 a5 12. a3 Be7 13. Na4 Qa7 14. O-O b5 15. Nc5 Nxc5 16. dxc5 Bxc5 17. Qc3 Nd7 18. b4 axb4 19. axb4 Be7 20. Qxc6 Bxb4 21. Nf3 Ba3 22. Ra1 Nc5 23. Qxb5 Bd7 24. Qb1 Ne4 25. Qd3 Qc5 26. Be5 Bf5 27. Qd4 f6 28. Qxc5 Bxc5 29. Bd4 Be7 30. h3 Rfc8 31. Rfc1 Rxc1+ 32. Rxc1 Ra2 33. Kf1 Ba3 34. Ra1 Rxa1+ 35. Bxa1 Kf7 36. Bd4 Nc5 37. Bb5 Bd7 38. Bxd7 Nxd7 39. Ke2 Nb8 40. Bc3 Nc6 41. g4 g6 42. Nd4 Nxd4+ 43. Bxd4 1/2-1/2

[Event "NOR-ch 2018"]
[Site "Moss"]
[Date "2018.07.14"]
[Round "9"]
[White "Fossan, Petter"]
[Black "Gonzalez, Francisco Silva"]
[Result "1/2-1/2"]
[WhiteElo "2321"]
[BlackElo "2045"]
[Annotator "NA"]
[PlyCount "85"]
[EventDate "2018.07.06"]
[EventCountry "NOR"]
[SourceTitle "playchess.com"]
[Source "ChessBase"]
[SourceQuality "1"]

1. e4 e5 2. Nf3 Nc6 3. Bb5 a6 4. Ba4 Nf6 5. Qe2 b5 6. Bb3 Bc5 7. c3 d6 8. d3 Rb8 {C77: Ruy Lopez: 3...a6 4 Ba4 Nf6, unusual lines} (8... h6 9. O-O O-O 10. Be3 Bxe3 11. Qxe3 Na5 12. Bc2 c5 13. Nbd2 Nc6 14. a4 Rb8 15. axb5 axb5 16. Rfd1 Qb6 17. Nf1 d5 18. exd5 Nxd5 19. Qe4 Nf6 20. Qe2 Re8 21. Ng3 Be6 22. Re1 Bd5 23. Nd2 {½-½ (23) Tiviakov,S (2637)-Shirov,A (2749) Hoogeveen 2010}) 9. O-O Bb6 $146 ({Predecessor:} 9... O-O 10. Rd1 Re8 11. Bg5 h6 12. Be3 Qe7 13. Nbd2 Be6 14. Bxe6 fxe6 15. d4 exd4 16. cxd4 {0-1 (45) Navarro Alonso,J (2176)-Glavina,P (2465) Aragon 2009}) 10. Be3 h6 11. Nbd2 Ne7 12. a4 Ng6 13. a5 Bxe3 14. fxe3 c5 15. Qf2 O-O 16. Nh4 Kh7 17. Nxg6 fxg6 18. Bc2 Qe7 19. b4 Be6 20. Nf3 cxb4 21. cxb4 Rbc8 22. Rfc1 Rc3 23. Qd2 Rfc8 24. Bd1 Qc7 25. Rxc3 Qxc3 26. Qxc3 Rxc3 27. Ne1 Bg4 28. Bc2 d5 29. h3 Be6 30. Kf2 dxe4 31. dxe4 Rc4 32. Rb1 Nxe4+ 33. Bxe4 Rxe4 34. Nd3 Rc4 35. Rc1 Rxc1 36. Nxc1 Bc4 37. Ne2 Bxe2 38. Kxe2 Kg8 39. Kf3 Kf7 40. e4 h5 $11 (40... g5 $15) 41. g3 Kf6 42. Ke3 g5 43. g4 1/2-1/2

[Event "NOR-ch 2018"]
[Site "Moss"]
[Date "2018.07.14"]
[Round "9"]
[White "Moen, Andreas G. R."]
[Black "Kaasen, Tor Fredrik"]
[Result "1-0"]
[WhiteElo "2317"]
[BlackElo "2396"]
[Annotator "ChessBase"]
[PlyCount "111"]
[EventDate "2018.07.06"]
[EventCountry "NOR"]
[SourceTitle "playchess.com"]
[Source "ChessBase"]
[SourceQuality "1"]

1. e4 c5 2. Nf3 Nc6 3. Bb5 g6 4. O-O Bg7 5. Re1 Nf6 6. e5 Nd5 7. Nc3 Nc7 8. Bxc6 dxc6 9. h3 O-O 10. d3 Ne6 11. Ne4 Qc7 12. Ng3 Rd8 13. Qe2 Rd5 14. c4 Rd7 15. Bd2 Qd8 16. Rad1 b6 17. Bc1 Qf8 18. b3 Bh6 19. Bb2 Bb7 20. Qe4 Rad8 21. Ne2 Rc7 22. g4 Rcd7 23. Kg2 Nd4 24. Nexd4 cxd4 25. c5 bxc5 26. e6 f5 27. gxf5 gxf5 28. Qh4 Rd5 29. Rg1 Kh8 30. Bc1 f4 31. Rde1 Ba6 32. Kh2 R8d6 33. Ne5 Rxe6 34. Nc4 Bc8 35. Rxe6 Bxe6 36. Re1 Bg5 37. Qh5 Bf7 38. Qf3 Qh6 39. Ne5 Bh5 40. Qe4 f3 41. Bxg5 Qxg5 42. Ng4 Rf5 43. Rg1 Bxg4 44. Rxg4 Qf6 45. Rg3 h5 46. Kg1 h4 47. Rg4 Rg5 48. Kf1 Rxg4 49. hxg4 Kg7 50. Kg1 e6 51. Kh2 Qg6 52. Qxf3 Qf6 53. Qxf6+ Kxf6 54. f4 e5 55. fxe5+ Kxe5 56. Kh3 1-0

[Event "NOR-ch 2018"]
[Site "Moss"]
[Date "2018.07.14"]
[Round "9"]
[White "Risting, Eivind Olav"]
[Black "Lund, Gunnar"]
[Result "1/2-1/2"]
[WhiteElo "2317"]
[BlackElo "2216"]
[Annotator "NA"]
[PlyCount "126"]
[EventDate "2018.07.06"]
[EventCountry "NOR"]
[SourceTitle "playchess.com"]
[Source "ChessBase"]
[SourceQuality "1"]

1. Nf3 d5 2. g3 Nf6 3. Bg2 e6 4. c4 Be7 5. d4 O-O 6. Qc2 a6 7. Bf4 dxc4 8. Qxc4 Nd5 {E06: Closed Catalan: Early deviations} (8... Bd6 9. Ne5 Nd5 10. Nc3 Nxf4 11. gxf4 Nd7 12. e3 Nb6 13. Qb3 f5 14. h4 a5 15. a3 c6 16. h5 {1-0 (55) Vitiugov,N (2729)-Fedoseev,V (2684) Karlsruhe 2017}) 9. Nc3 b5 10. Qd3 Bb7 {LiveBook: 17 Games} 11. Nxd5 Bxd5 12. O-O Nd7 13. Rfd1 Nf6 14. Ne5 Bxg2 15. Kxg2 c5 16. Nc6 $146 ({Predecessor:} 16. dxc5 Bxc5 {½-½ (54) Adamski,J (2361)-Hagen,A Copenhagen 2001}) 16... Qd7 17. Nxe7+ Qxe7 18. dxc5 Qxc5 19. Rac1 Qd5+ 20. Qxd5 Nxd5 21. e4 Nf6 22. f3 Rfc8 23. Kf2 Kf8 24. g4 Ke8 25. Be5 Ke7 26. Bd6+ Ke8 27. Be5 Ke7 28. Ke3 Ne8 29. Bd4 Rxc1 30. Rxc1 f6 31. f4 Kd7 32. Rd1 Kc6 33. h4 Nd6 34. b3 Nf7 35. e5 fxe5 36. Bxe5 g6 37. Ke4 Ra7 38. Rc1+ Kd7 39. h5 Ke7 40. hxg6 hxg6 41. g5 Nd6+ (41... Kd7 $16) 42. Kf3 Nf5 43. Rh1 Rd7 44. Rh7+ Ke8 {[#]} 45. Rh8+ $16 Kf7 46. Ra8 Rd3+ 47. Ke2 Rh3 48. Ra7+ Ke8 49. Rxa6 Kd7 50. Kd2 Nh4 51. Kc2 Nf3 52. Rb6 Nxe5 53. fxe5 Rh2+ 54. Kb1 Rg2 55. Rxb5 Rxg5 56. a4 Kc6 57. Kb2 Rf5 58. b4 g5 59. Rc5+ Kb7 60. Rc4 Rxe5 61. Rg4 Kc6 62. Kc3 Rf5 63. Kc4 Rf4+ 1/2-1/2

[Event "NOR-ch 2018"]
[Site "Moss"]
[Date "2018.07.14"]
[Round "9"]
[White "Tallaksen, Levi Andre"]
[Black "Hole, Oystein"]
[Result "1-0"]
[WhiteElo "2298"]
[BlackElo "2324"]
[Annotator "NA"]
[PlyCount "75"]
[EventDate "2018.07.06"]
[EventCountry "NOR"]
[SourceTitle "playchess.com"]
[Source "ChessBase"]
[SourceQuality "1"]

1. d4 d5 2. c4 c6 3. Nf3 Nf6 4. Nc3 e6 5. e3 Nbd7 6. Bd3 Bd6 7. O-O O-O 8. Qe2 Qe7 {D46: Semi-Slav: 5 e3 Nbd7 6 Bd3, Black avoids the Meran} 9. e4 dxc4 10. Bxc4 e5 11. Rd1 h6 $146 ({Predecessor:} 11... a6 12. d5 c5 13. a4 h6 14. a5 Re8 15. Bd3 Nf8 {1-0 (51) Shipov,S (2576)-Grachev,B (2510) Moscow 2006}) 12. Nh4 Nb6 13. Ng6 Qc7 14. dxe5 Bxe5 15. Nxe5 Qxe5 16. Bd3 Re8 17. f4 Qc7 18. h3 Nfd5 19. e5 Nxc3 20. bxc3 Be6 21. c4 Rad8 22. Be3 Rxd3 23. Qxd3 Nxc4 24. Bd4 b5 25. Rac1 Bd5 26. Ba1 Qa5 $14 27. Qg3 Qa3 28. Rc3 Qxa2 29. e6 Rxe6 30. Rc2 Rg6 31. Qxg6 Qxa1 32. Rxa1 fxg6 33. Rxa7 b4 34. Rb7 Na3 35. Re2 c5 36. Re8+ Kh7 37. Rbb8 g5 38. f5 1-0

[Event "NOR-ch 2018"]
[Site "Moss"]
[Date "2018.07.14"]
[Round "9"]
[White "Ranaldi, Lucas"]
[Black "Mikalsen, Erlend"]
[Result "1/2-1/2"]
[WhiteElo "2289"]
[BlackElo "2292"]
[Annotator "NA"]
[PlyCount "91"]
[EventDate "2018.07.06"]
[EventCountry "NOR"]
[SourceTitle "playchess.com"]
[Source "ChessBase"]
[SourceQuality "1"]

1. c4 e5 2. g3 Nf6 3. Bg2 Bc5 4. Nc3 c6 5. e3 d5 {A23: English Opening: 1...e5 2 Nc3 Nf6 3 g3 c6} 6. cxd5 O-O 7. Nge2 Nxd5 8. Nxd5 (8. d4 exd4 9. Nxd5 cxd5 10. Nxd4 Nc6 11. Nxc6 bxc6 12. O-O Be6 13. Qc2 Qb6 {½-½ (28) Carlsen,M (2843)-Ding,L (2791) Stavanger 2018}) 8... cxd5 9. d4 Bb4+ 10. Bd2 Bxd2+ 11. Qxd2 e4 12. O-O Nc6 13. Rac1 h5 $146 14. f3 exf3 15. Bxf3 Bg4 16. Bg2 h4 17. Nf4 hxg3 18. hxg3 Ne7 19. Rc5 b6 20. Rc3 Qd6 21. Qf2 g5 22. Nd3 f6 23. Bf3 Bd7 24. g4 Kg7 25. Qh2 Qe6 26. Nf2 Rac8 27. Rfc1 Rxc3 28. Rxc3 Rc8 29. Rxc8 Bxc8 30. Nd1 $11 f5 31. gxf5 Qxf5 32. Qg3 Ng6 33. Nc3 Be6 34. Qc7+ Kh6 35. Qg3 Qc2 36. Qf2 Qc1+ 37. Kh2 Ne7 38. Bg2 Kg6 39. e4 dxe4 40. Bxe4+ Bf5 41. Nd5 Bxe4 42. Qf6+ Kh5 43. Qh8+ Kg6 44. Qf6+ Kh5 45. Qh8+ Kg6 46. Qf6+ 1/2-1/2

[Event "NOR-ch 2018"]
[Site "Moss"]
[Date "2018.07.14"]
[Round "9"]
[White "Royset, Pal"]
[Black "Ingebretsen, Jens E"]
[Result "1-0"]
[WhiteElo "2231"]
[BlackElo "2138"]
[Annotator "NA"]
[PlyCount "49"]
[EventDate "2018.07.06"]
[EventCountry "NOR"]
[SourceTitle "playchess.com"]
[Source "ChessBase"]
[SourceQuality "1"]

1. e4 e5 2. Bc4 Nf6 3. d3 Nc6 4. Nc3 Bb4 5. Nge2 O-O 6. O-O h6 7. a3 Bxc3 8. Nxc3 d6 9. f4 Nd4 10. f5 c6 11. Ba2 d5 12. Kh1 dxe4 13. dxe4 Qe7 14. Qd3 Rd8 15. Qg3 Kh7 16. Qh4 Nxc2 17. Rb1 b6 18. Bg5 Kg8 19. Bxh6 gxh6 20. Qxh6 Nd4 21. Rf3 Bxf5 22. Rg3+ Bg4 23. Rf1 Nf3 24. Rfxf3 Rd6 25. Rxf6 1-0

[Event "NOR-ch 2018"]
[Site "Moss"]
[Date "2018.07.14"]
[Round "9"]
[White "Nordquelle, Daniel"]
[Black "Al-Tarbosh, Ward"]
[Result "0-1"]
[WhiteElo "2221"]
[BlackElo "2283"]
[Annotator "NA"]
[PlyCount "56"]
[EventDate "2018.07.06"]
[EventCountry "NOR"]
[SourceTitle "playchess.com"]
[Source "ChessBase"]
[SourceQuality "1"]

1. e4 e6 2. d3 d5 3. Nd2 Nf6 4. Ngf3 b6 5. g3 Bb7 6. e5 Nfd7 7. Bg2 c5 8. O-O Nc6 9. Re1 Qc7 10. Qe2 Be7 11. h4 O-O-O 12. a3 {C00: Französische Verteidigung (Seltene Züge)} (12. Nf1 Kb8 13. c3 Ka8 14. a3 h6 15. b4 Rdg8 16. d4 g5 17. hxg5 hxg5 18. Be3 f6 19. exf6 Bxf6 20. bxc5 bxc5 {1-0 (33) Perez Mitjans,O (2496)-Anurag,M (2401) Montcada 2013}) 12... h6 13. Nf1 g5 14. hxg5 hxg5 15. N1h2 $146 ({Vorgänger:} 15. g4 Rdg8 16. Ng3 Nf8 17. Nh5 Ng6 18. c3 Nf4 19. Nxf4 gxf4 20. Bxf4 Rxg4 {½-½ (41) Cerrajeria Ruiz,J-Aso Carranza,M (2240) Zaragoza 1995}) 15... Rh5 16. Ng4 Rdh8 17. Bd2 d4 18. c4 Qb8 19. Kf1 Qa8 20. Ng1 $19 a5 21. Rab1 a4 22. Bf3 Bd8 23. Bg2 Bc7 24. f4 gxf4 25. gxf4 Ncxe5 26. Bxb7+ Qxb7 27. fxe5 Rf5+ 28. Nf2 Rh2 0-1